| 000 | 00353 a2200157 4500 | ||
|---|---|---|---|
| 001 | 193108 | ||
| 020 | _a978-85-380-3664-7 | ||
| 040 | _cMagnum | ||
| 100 | _aRobinson, Hilary | ||
| 240 | 1 | 0 |
_aA festa secreta da princesa _lpor |
| 245 | 1 | 0 | _aA festa secreta da princesa |
| 300 | _a24 | ||
| 362 | 0 | _a2012 | |
| 697 | _aLITERATURA INFANTO | ||
| 942 | _cBK | ||
| 999 |
_c193108 _d193108 |
||